000 00344nam a2200133 i 4500
001 bg
100 1 _aPOSTNIKOV, V.
245 0 _aRadioaktivnye izotopy v issledovanii i avtomatizacii kontrolja iznosa /
_cV. Postnikov.
260 _aMoskva,
_c1967.
040 _cBPK
041 _apol
942 _cKS
008 s pl f |000 0 pol
999 _c8895
_d8895
856 _uhttp://koha.tu.koszalin.pl/cgi-bin/koha/opac-detail.pl?biblionumber=8895
_yKatalog online BPK